000 01016 a2200241 4500
005 20251104153533.0
008 251104b |||||||| |||| 00| 0 eng d
020 _a9789348433701 (hbk)
037 _cTB
040 _aCRL
_cCRL
041 _2hin
_ahin
084 _aY:1.2 152R6
_qCRL
100 _aअग्रवाल, वासुदेवशरण
_9821404
245 _aकला और संस्कृति
260 _aदिल्ली, भारत:
_bशिवालिक प्रकाशन,
_c2026.
300 _a211पृ.
365 _b895.00
_cINR
650 _aभारतीय संस्कृति
_9850155
650 _aसमाजशास्त्र
_9850156
650 _aकला
_9850157
942 _cTB
_2CC
_n0
_hY:1.2 152R6
999 _c1435486
_d1435486